000 00608nam a2200241Ia 4500
003 OSt
005 20221006144517.0
006 a|||||r|||| 00| 0
007 ta
008 221006b |||||||| |||| 00| 0 eng d
020 _c45.00
024 _a11,860
037 _cTextual
040 _aEASL
_cEASL
_beng
041 _2eng
_aeng
082 _aV41:192.N7, L8
100 _aPant Apa
_998886
245 0 _aMandala
_b an awakening
260 _aBombay
_bOrient Longman
_c1978
300 _a203p.
_ccm.
942 _hV41:192.N7, L8
_cTEXL
_2CC
999 _c1079946
_d1079946